Từng bước luyện nói tiếng Anh lưu loát, tập 3

保存先:
書誌詳細
フォーマット: 図書
タグ: タグ追加
タグなし, このレコードへの初めてのタグを付けませんか!
Thư viện lưu trữ: Mạng thư viện Đại học Đà Nẵng
LEADER 00454nam a22001691a 4500
001 000037279
003 13574
005 20160412020323.0
008 160412s0 000
082 |a 4A(07)241 
245 |a Từng bước luyện nói tiếng Anh lưu loát, tập 3  |c Nguyễn Thành Yến 
OWN |a LNN 
999 |a From the UDN01 
TYP |a Monograph 
980 |a Mạng thư viện Đại học Đà Nẵng